000 00414nam a22001217a 4500
082 _aTHE 200
100 _aM TUOQUEER ANWAR,
_972728
245 _aTH-SOF-0702-ASSESSMENT OF EXISTING FACILITIES AND FEASIBILITY FOR ESTABLISHING A NATIONAL CENTRE FOR COMPOSITE MATERIALS IN PAKISTAN
260 _aNUST COLLEGE OF EME
_bISLAMABAD
_c2001
650 _aMS-EM-4 MSTHESIS
700 _aDR NAWAR KHAN
_918465
942 _cCF
999 _c578719
_d578719